000 00781nam a2200289Ia 4500
001 10245
003 IT-RoPAU
008 130308s9999 xx 000 0 und d
040 _aIT-RoPAU
040 _cIT-RoPAU
041 _aITALIANO
100 _aMarchesi Marcello
100 _gCodice Aut. SPICS: 4202
245 _aDecio e Lucio N. 1-2
245 _bMorir dal Ridere-Testi comici Radiofonici e Televisivi dal 1945 a Oggi
250 _a1a ed.
260 _aMILANO
260 _bBompiani
260 _c1973 [1° Ed.:1973 - Ed.Ling.Originale:1947]
300 _a"3 p. (prefazione: no ; testo: 3 [pagine: 155-157])"
650 _aAUTORI/OPERE DELLA RADIO
650 _eCodice materia Spics: 6907
942 _cBK
957 _71
999 _c56747
_d56747
999 _bSI
999 _g1